000 00486ntaaa2200169 4500
003 01
005 20251027201357.0
008 0714s1973 ag 01
040 _aAR-BaBN
_bspa
_cAR-BaBN
_eaacr
_dRIC
082 _a225.4700 W89
100 _aBiblia. N.T. Latín. Wordsworth-White. 1920
_912170
245 _aNouum Testamentum latine
250 _a1 ed.
260 _aLondini :
_bApud Societatem Bibliophilorum Britannicam et Externam,
_c1920
300 _axx, 620 p. ;
_c15 cm
942 _cBK
999 _c8261
_d8261